000
00302nam a22001337a 4500
008
170511b xxu||||| |||| 00| 0 eng d
020
_a
9780395906064
041
_a
eng
080
_2
7 ED
_a
342
100
_a
15
101
_a
SHJ
245
_a
PUBLIC ADMINISTRATION
_c
STILLMAN.R
942
_2
udc
_c
BK
999
_c
13219
_d
13219